<?xml version="1.0" encoding="UTF-8"?>
<record
    xmlns:xsi="http://www.w3.org/2001/XMLSchema-instance"
    xsi:schemaLocation="http://www.loc.gov/MARC21/slim http://www.loc.gov/standards/marcxml/schema/MARC21slim.xsd"
    xmlns="http://www.loc.gov/MARC21/slim">

  <leader>01681nam a2200205Ia 4500</leader>
  <controlfield tag="001">b6229-44098 </controlfield>
  <controlfield tag="003">IT-MiCISF</controlfield>
  <controlfield tag="008">161014s9999||||xx |||||||||||||| ||und||</controlfield>
  <datafield tag="040" ind1=" " ind2=" ">
    <subfield code="a">IT-MiCISF</subfield>
    <subfield code="c">IT-MiCISF</subfield>
  </datafield>
  <datafield tag="041" ind1=" " ind2=" ">
    <subfield code="a">it</subfield>
  </datafield>
  <datafield tag="100" ind1=" " ind2=" ">
    <subfield code="a">Tarozzi Massimiliano (a cura di)</subfield>
  </datafield>
  <datafield tag="245" ind1=" " ind2="0">
    <subfield code="a">Il governo della tv</subfield>
    <subfield code="b">Etnografie del consumo televisivo in contesti domestici</subfield>
  </datafield>
  <datafield tag="250" ind1=" " ind2=" ">
    <subfield code="a">1a ed.</subfield>
  </datafield>
  <datafield tag="260" ind1=" " ind2=" ">
    <subfield code="a"> Milano</subfield>
    <subfield code="b">Franco Angeli</subfield>
    <subfield code="c">2007</subfield>
  </datafield>
  <datafield tag="300" ind1=" " ind2=" ">
    <subfield code="a">pp. 174</subfield>
  </datafield>
  <datafield tag="500" ind1=" " ind2=" ">
    <subfield code="a"> / televisione, informazione, educazione-bambini, problemi-educazione, organizzazione-familiare, famiglia / Il volume raccoglie i risultati di una ricerca etnografica condotta da un'&#xE9;quipe multidisciplinare tra le famiglie residenti in tre citt&#xE0; italiane, - Trento, Bologna e Napoli - e diretta dal curatore, professore di Pedagogia Generale e docente di Metodologia della Ricerca Qualitativa presso la Facolt&#xE0; di Scienze Cognitive dell'Universit&#xE0; degli Studi di Trento. L'obiettivo era di esplorare i processi di governo televisivo familiare sia per comprendere il funzionamento del sistema di controllo che per verificare l'impiego della televisione come "produttore di ordine" all'interno delle complesse routine familiari. Ne emerge una inedita teoria esplicativa, che assegna alle madri un ruolo preponderante nel governo televisivo evidenziandone le strategie di intervento nella gestione di un mezzo in grado di ammaliare ma anche di anestetizzare i bambini di 3-6 anni. Il volume si rivolge ad un pubblico di esperti e di ricercatori ma &#xE8; sicuramente molto utile anche ai genitori.</subfield>
  </datafield>
  <datafield tag="650" ind1=" " ind2=" ">
    <subfield code="a"> Genitorialit&#xE0; e problemi educativi / mass-media</subfield>
    <subfield code="e">004</subfield>
  </datafield>
  <datafield tag="942" ind1=" " ind2=" ">
    <subfield code="c">BK</subfield>
  </datafield>
  <datafield tag="957" ind1=" " ind2=" ">
    <subfield code="7">1</subfield>
  </datafield>
  <datafield tag="999" ind1=" " ind2=" ">
    <subfield code="a">44098</subfield>
    <subfield code="b">si</subfield>
    <subfield code="g">1</subfield>
    <subfield code="c">210836</subfield>
    <subfield code="d">210836</subfield>
  </datafield>
  <datafield tag="952" ind1=" " ind2=" ">
    <subfield code="0">0</subfield>
    <subfield code="1">0</subfield>
    <subfield code="4">0</subfield>
    <subfield code="6">B_622944098</subfield>
    <subfield code="7">1</subfield>
    <subfield code="a">CISF</subfield>
    <subfield code="b">CISF</subfield>
    <subfield code="d">2016-10-14</subfield>
    <subfield code="l">0</subfield>
    <subfield code="o">b6229-44098 </subfield>
    <subfield code="r">2016-10-14 00:00:00</subfield>
    <subfield code="w">2016-10-14</subfield>
    <subfield code="y">BK</subfield>
    <subfield code="z">Data import 15.10.2016 / by Epidotti, Vaglietti</subfield>
  </datafield>
</record>
